| 000 | 00517nam a22001937a 4500 | ||
|---|---|---|---|
| 003 | OSt | ||
| 005 | 20140310183130.0 | ||
| 008 | 130531t xxu||||| |||| 00| 0 eng d | ||
| 050 |
_aPN 45 _b.D278 1983 |
||
| 082 |
_aFIL 616.89 _bD37 1983 |
||
| 245 |
_aPsychoanalysis: Made Easy _cDe Leon, Ma. Dolores, Ph. D. |
||
| 260 |
_aQuezon City _bKatha Publishing Co., Inc. _cc1983 |
||
| 300 | _a82 p. | ||
| 521 | _acollege students | ||
| 526 | _c1210L-1700L | ||
| 541 | _j1 | ||
| 562 | _e1 | ||
| 942 |
_2lcc _cBK _kFIL |
||
| 999 |
_c19119 _d19119 |
||